000
00243nam a2200097Ia 4500
005
20251222114401.0
008
251222s1900||||xx |||||||||||||| ||spa||
082
_a
DVD0099/I29/2003
245
0
_a
Las ideas pueden más que las armas II
942
_c
DVD
999
_c
1637
_d
1637